Top 30 Largest Metro Areas in Italy By Population - Statistics

General Stats
  • This quiz has been taken 53 times
  • The average score is 17 of 30
Answer Stats
Population Answer % Correct
3,167,450 Milan
100%
2,182,170 Naples
100%
851,282 Palermo
100%
4,347,100 Rome
100%
1,809,850 Turin
100%
625,606 Bari
95%
713,615 Florence
95%
674,241 Genoa
93%
819,297 Bologna
86%
644,081 Verona
86%
588,820 Catania
84%
478,929 Cagliari
81%
923,221 Bergamo
70%
336,487 Parma
70%
496,260 Brescia
65%
364,037 Modena
60%
461,729 Taranto
49%
423,216 Salerno
47%
492,616 Como
44%
384,545 Pescara
35%
700,391 Padova
28%
467,352 Latina
23%
334,102 Vicenza
23%
386,170 Treviso
21%
313,867 Lecco
12%
433,012 Caserta
9%
668,674 Busto Arsizio
7%
342,721 Barletta
5%
330,100 Nola
5%
638,979 Seregno
2%
No matching quizzes found
Score Distribution
Percent of People with Each Score
Percentile by Number Answered
Your Score History
You have not taken this quiz